Meeting in the middle: a quantity surveying perspective on changing education needs in the profession (Record no. 117645)
[ view plain ]
| 000 -LEADER | |
|---|---|
| fixed length control field | 01062cam a2200217 4500 |
| 001 - CONTROL NUMBER | |
| control field | ABS67965 |
| 008 - FIXED-LENGTH DATA ELEMENTS--GENERAL INFORMATION | |
| fixed length control field | 040702n2004 000 0 eng u |
| 035 ## - SYSTEM CONTROL NUMBER | |
| System control number | (Sirsi) u126686 |
| 100 ## - MAIN ENTRY--PERSONAL NAME | |
| Personal name | Lowry, J. |
| 245 ## - TITLE STATEMENT | |
| Title | Meeting in the middle: a quantity surveying perspective on changing education needs in the profession |
| 260 ## - PUBLICATION, DISTRIBUTION, ETC. | |
| Date of publication, distribution, etc. | 2004 |
| 490 ## - SERIES STATEMENT | |
| Series statement | Building Economist |
| Volume/sequential designation | June 2004, 4-7(4) |
| 520 ## - SUMMARY, ETC. | |
| Summary, etc. | Observes that the system of tertiary education in Australia for quantity surveyors that has served for around 40 years is coming under examination from a number of directions. Trends in tertiary education are not isolated and these changes in approach may have global implications. Gives a historical background to quantity surveying education in Australia and assesses the move towards competence based assessment. Outlines suggestions for future development. |
| 590 ## - LOCAL NOTE (RLIN) | |
| Local note | ABS |
| 590 ## - LOCAL NOTE (RLIN) | |
| Local note | ABS |
| 650 ## - SUBJECT ADDED ENTRY--TOPICAL TERM | |
| Topical term or geographic name entry element | AUSTRALIA |
| 650 ## - SUBJECT ADDED ENTRY--TOPICAL TERM | |
| Topical term or geographic name entry element | VOCATIONAL EDUCATION AND TRAINING |
| 650 ## - SUBJECT ADDED ENTRY--TOPICAL TERM | |
| Topical term or geographic name entry element | COMPETENCE |
| 690 ## - LOCAL SUBJECT ADDED ENTRY--TOPICAL TERM (OCLC, RLIN) | |
| Topical term or geographic name as entry element | QUANTITY SURVEYING |
| 9 (RLIN) | 6263 |
| 942 ## - ADDED ENTRY ELEMENTS (KOHA) | |
| Suppress in OPAC | 0 |
| Withdrawn status | Lost status | Source of classification or shelving scheme | Damaged status | Not for loan | Home library | Current library | Shelving location | Date acquired | Total Checkouts | Full call number | Barcode | Date last seen | Copy number | Price effective from | Koha item type |
|---|---|---|---|---|---|---|---|---|---|---|---|---|---|---|---|
| Dewey Decimal Classification | London | London | Journal article | 02/07/2004 | ABS67965 | 126686-1001 | 06/08/2019 | 1 | 06/08/2019 | Journal article |